[Event "First Saturday 2010 februar IM-A"]
[Site "Budapest"]
[Date "2010.02.06"]
[Round "1"]
[White "Kahn, Evart dr"]
[Black "Eperjesi, Laszlo"]
[Result "1/2-1/2"]
[WhiteElo "2235"]
[BlackElo "2240"]
[PlyCount "29"]
[EventDate "2010.02.06"]

1. d4 Nf6 2. c4 e6 3. Nc3 d5 4. cxd5 exd5 5. Bg5 Nbd7 6. e3 c6 7. Qc2 Be7 8.
Bd3 O-O 9. Nf3 Re8 10. O-O Nf8 11. Rab1 a5 12. a3 Ne4 13. Bxe7 Qxe7 14. Bxe4
dxe4 15. Nd2 1/2-1/2

[Event "First Saturday 2010 februar IM-A"]
[Site "Budapest"]
[Date "2010.02.06"]
[Round "1"]
[White "Griffiths, Ryan Rhys"]
[Black "Szalanczy, Emil"]
[Result "1-0"]
[WhiteElo "2148"]
[BlackElo "2208"]
[PlyCount "67"]
[EventDate "2010.02.06"]

1. c4 Nf6 2. g3 d5 3. cxd5 Qxd5 4. Nf3 Bg4 5. Bg2 Nc6 6. Nc3 Qd7 7. O-O O-O-O
8. Qa4 Kb8 9. Ng5 Bh5 10. Bxc6 Qxc6 11. Qxc6 bxc6 12. d3 h6 13. Nh3 g5 14. f4
Nd5 15. fxg5 e5 16. gxh6 f6 17. Nxd5 cxd5 18. Rxf6 Bxe2 19. d4 exd4 20. Nf4 d3
21. Ne6 Bb4 22. Nxd8 Rxd8 23. Kf2 Re8 24. h7 Bc5+ 25. Kg2 Bg4 26. Bg5 Kb7 27.
Raf1 Bd4 28. R6f4 Re2+ 29. Kh1 Re4 30. Bf6 Rxf4 31. Rxf4 Bxf6 32. Rxf6 Be2 33.
h8=Q d2 34. Rf1 1-0

[Event "First Saturday 2010 februar IM-A"]
[Site "Budapest"]
[Date "2010.02.06"]
[Round "1"]
[White "Turzo, Attila"]
[Black "Binder, Michael"]
[Result "0-1"]
[WhiteElo "2309"]
[BlackElo "2208"]
[PlyCount "80"]
[EventDate "2010.02.06"]

1. e4 e5 2. Nf3 Nc6 3. d4 exd4 4. Bc4 Nf6 5. e5 d5 6. Bb5 Ne4 7. Nxd4 Bd7 8.
Bxc6 bxc6 9. O-O Bc5 10. f3 Ng5 11. f4 Ne4 12. Be3 O-O 13. Nd2 Nxd2 14. Qxd2 f6
15. Nb3 Bb6 16. Bc5 Re8 17. Rae1 Bf5 18. Qc3 fxe5 19. Rxe5 Qf6 20. Nd4 Bd7 21.
Nb3 Bf5 22. Bd4 Qg6 23. Rfe1 Rxe5 24. Rxe5 Re8 25. Qe3 Rxe5 26. Qxe5 Bxc2 27.
Bxb6 axb6 28. Qxc7 Bxb3 29. Qc8+ Kf7 30. Qd7+ Kf8 31. f5 Qe8 32. Qxe8+ Kxe8 33.
axb3 Ke7 34. g4 Kf6 35. Kf2 Ke5 36. Ke3 c5 37. Kf3 d4 38. Kg3 Ke4 39. h4 b5 40.
h5 h6 0-1

[Event "First Saturday 2010 februar IM-A"]
[Site "Budapest"]
[Date "2010.02.06"]
[Round "1"]
[White "Szabo, Bence"]
[Black "Lyell, Mark"]
[Result "1-0"]
[WhiteElo "2261"]
[BlackElo "2224"]
[PlyCount "65"]
[EventDate "2010.02.06"]

1. d4 d6 2. c4 f5 3. g3 g6 4. Bg2 Bg7 5. d5 e5 6. dxe6 Nc6 7. Nh3 Bxe6 8. Nd2
Nf6 9. O-O O-O 10. Ng5 Bd7 11. e3 Qe7 12. Qc2 Rae8 13. Nb3 Ne4 14. Nf3 Qf7 15.
Bd2 Ne5 16. Nxe5 dxe5 17. Bb4 Nd6 18. c5 Ne4 19. c6 Bxc6 20. Bxf8 Rxf8 21. Nc5
Qd5 22. b4 b6 23. Rad1 Qxd1 24. Rxd1 bxc5 25. bxc5 Rf6 26. Qb3+ Rf7 27. Qe6 Ba4
28. Rd8+ Bf8 29. Qxe5 Bc2 30. h4 Nf6 31. Bf1 Kg7 32. Bc4 Re7 33. Qb2 1-0

[Event "First Saturday 2010 februar IM-A"]
[Site "Budapest"]
[Date "2010.02.07"]
[Round "2"]
[White "Szalanczy, Emil"]
[Black "Turzo, Attila"]
[Result "1-0"]
[WhiteElo "2208"]
[BlackElo "2309"]
[PlyCount "115"]
[EventDate "2010.02.06"]

1. e4 c5 2. Nf3 g6 3. d4 cxd4 4. Nxd4 Bg7 5. Nc3 Nc6 6. Be3 Nf6 7. Bc4 O-O 8.
Bb3 a5 9. a4 Ng4 10. Qxg4 Nxd4 11. Qh4 Nxb3 12. cxb3 Ra6 13. O-O d6 14. Rad1
Be6 15. Nd5 Bxd5 16. exd5 Bxb2 17. g4 f5 18. g5 f4 19. Bxf4 Rb6 20. Qg4 Rxb3
21. Qe6+ Kg7 22. Be3 b5 23. Rb1 Qc8 24. Rxb2 Qxe6 25. dxe6 bxa4 26. Ra2 Rb4 27.
Rfa1 Re4 28. Rxa4 Rxe6 29. Rxa5 Re4 30. R1a4 Rxa4 31. Rxa4 Rb8 32. Kg2 Kf7 33.
h4 Ke6 34. Rf4 Rc8 35. Kg3 Rb8 36. Kg4 Ra8 37. h5 Rb8 38. Bd4 Rb4 39. h6 Kd5
40. Bg7 Rxf4+ 41. Kxf4 e5+ 42. Ke3 Ke6 43. Bf6 Kf5 44. Bd8 Ke6 45. Kd3 d5 46.
Kc3 Kf5 47. Kb4 Ke4 48. Kc5 d4 49. Kc4 Kf4 50. Kd3 Kf3 51. Ba5 Kf4 52. Bd2+ Kf5
53. Bc1 Ke6 54. Ke4 Kd6 55. Ba3+ Ke6 56. Bb4 d3 57. Bc3 Kf7 58. Kxd3 1-0

[Event "First Saturday 2010 februar IM-A"]
[Site "Budapest"]
[Date "2010.02.07"]
[Round "2"]
[White "Kahn, Evart dr"]
[Black "Griffiths, Ryan Rhys"]
[Result "1/2-1/2"]
[WhiteElo "2235"]
[BlackElo "2148"]
[PlyCount "146"]
[EventDate "2010.02.06"]

1. d4 Nf6 2. c4 e6 3. g3 d5 4. Bg2 Nc6 5. Nf3 dxc4 6. O-O Rb8 7. Re1 Nd5 8. e4
Ndb4 9. d5 Na5 10. Bg5 f6 11. Bd2 c6 12. e5 cxd5 13. exf6 Qxf6 14. Bc3 Qf5 15.
Nd4 Qf7 16. Nxe6 Bxe6 17. Bxd5 Nxd5 18. Qxd5 Be7 19. Rxe6 Rd8 20. Qb5+ Nc6 21.
Re1 O-O 22. f4 a6 23. Qb6 Qd5 24. Rxe7 Nxe7 25. Nd2 Qc6 26. Qxc6 Nxc6 27. Nxc4
b5 28. Ne5 Nxe5 29. Bxe5 Rd2 30. Re1 Rfd8 31. Bc3 Rd1 32. Rxd1 Rxd1+ 33. Kf2 g6
34. g4 Kf7 35. f5 Rd5 36. fxg6+ Kxg6 37. h4 Rd3 38. Kg2 h5 39. gxh5+ Kxh5 40.
Kf2 Kxh4 41. Ke2 Rd7 42. Bd2 Kg4 43. Kd1 Rc7 44. Bc3 Kf3 45. a3 Ke4 46. Kc2 a5
47. Kb3 Ra7 48. Bd2 Kd5 49. Be1 Ra8 50. Bd2 Kc5 51. Be3+ Kc6 52. Bd2 Kb6 53.
Be3+ Ka6 54. Bd2 Rg8 55. Bc3 Kb6 56. Bd4+ Kc6 57. Bc3 a4+ 58. Ka2 Rg2 59. Bf6
Kc5 60. Be7+ Kc4 61. Bd6 Kd3 62. Be7 Kc2 63. Bd6 Re2 64. Be7 Re3 65. Bc5 Rb3
66. Bd4 b4 67. axb4 Rxb4 68. Bc3 Rb3 69. Bf6 Kd3 70. Be7 Rb7 71. Bd6 Ke4 72.
Bf8 Rf7 73. Bd6 Rf3 1/2-1/2

[Event "First Saturday 2010 februar IM-A"]
[Site "Budapest"]
[Date "2010.02.08"]
[Round "3"]
[White "Griffiths, Ryan Rhys"]
[Black "Eperjesi, Laszlo"]
[Result "1/2-1/2"]
[WhiteElo "2148"]
[BlackElo "2240"]
[PlyCount "75"]
[EventDate "2010.02.06"]

1. e4 c6 2. d4 d5 3. f3 e6 4. Nc3 Bb4 5. a3 Bxc3+ 6. bxc3 dxe4 7. Qe2 e3 8.
Qxe3 Nf6 9. Bd3 Nbd7 10. f4 Nb6 11. Nf3 Nbd5 12. Qe5 O-O 13. c4 Ne7 14. O-O Nf5
15. Bb2 Bd7 16. Qe2 b5 17. Ne5 bxc4 18. Nxc4 Rb8 19. c3 Bc8 20. Ne5 Qc7 21. Rf3
c5 22. Rh3 cxd4 23. cxd4 Qb6 24. Nc4 Qd8 25. Rd1 Qd5 26. Ne3 Nxe3 27. Rxe3 Qh5
28. Rf1 Qxe2 29. Rxe2 g6 30. Rc1 Nd5 31. g3 Bd7 32. Rc5 Rb7 33. Be4 Rfb8 34.
Bc1 Rb5 35. Bxd5 exd5 36. Re7 Bf5 37. Rxb5 Rxb5 38. Rxa7 1/2-1/2

[Event "First Saturday 2010 februar IM-A"]
[Site "Budapest"]
[Date "2010.02.08"]
[Round "3"]
[White "Roberts, Paul"]
[Black "Szalanczy, Emil"]
[Result "1-0"]
[WhiteElo "2206"]
[BlackElo "2208"]
[PlyCount "144"]
[EventDate "2010.02.06"]

1. Nf3 c5 2. c4 Nf6 3. g3 g6 4. Bg2 Bg7 5. Nc3 Nc6 6. d4 cxd4 7. Nxd4 O-O 8.
O-O Ng4 9. e3 d6 10. h3 Nh6 11. g4 f5 12. g5 Nf7 13. f4 Nxd4 14. exd4 e5 15.
dxe5 dxe5 16. Qxd8 Rxd8 17. Be3 e4 18. Nd5 Be6 19. Rfd1 Bxd5 20. Rxd5 Rxd5 21.
cxd5 Nd6 22. Rc1 Bxb2 23. Rc7 Bg7 24. Bf1 a6 25. Bc5 Bf8 26. Rd7 Nf7 27. Bxf8
Kxf8 28. Rxb7 a5 29. a4 Rc8 30. Rb5 Rc1 31. Rb8+ Ke7 32. Rb7+ Kf8 33. Rb8+ Ke7
34. Rb7+ Ke8 35. Rb8+ Kd7 36. Rb7+ Rc7 37. Rb5 Nd6 38. Rxa5 e3 39. Bd3 Ne4 40.
Kg2 Nd2 41. Ra6 Ne4 42. Kf3 e2 43. Bb5+ Ke7 44. Kxe2 Nc3+ 45. Kf3 Nxd5 46. Rc6
Ra7 47. Rc8 Kd6 48. Rd8+ Kc5 49. Rd7 Ra8 50. Rxh7 Rc8 51. Ba6 Rb8 52. Bb7 Nb4
53. Kg3 Rd8 54. Bf3 Rd3 55. Rc7+ Kb6 56. Re7 Ra3 57. a5+ Kc5 58. Rc7+ Kd4 59.
Rd7+ Ke3 60. Rd6 Rxa5 61. Rxg6 Nd3 62. Re6+ Kd4 63. Be2 Nc5 64. Rd6+ Ke3 65.
Bf3 Ra1 66. Rd5 Rg1+ 67. Kh2 Rc1 68. Kg3 Rg1+ 69. Bg2 Ne4+ 70. Kh2 Rc1 71. Rxf5
Nf2 72. Kg3 Nd3 1-0

[Event "First Saturday 2010 februar IM-A"]
[Site "Budapest"]
[Date "2010.02.08"]
[Round "3"]
[White "Lyell, Mark"]
[Black "Lengyel, Bela"]
[Result "1-0"]
[WhiteElo "2224"]
[BlackElo "2271"]
[PlyCount "57"]
[EventDate "2010.02.06"]

1. e4 e5 2. Nf3 Nc6 3. d4 exd4 4. Nxd4 Bc5 5. Be3 Qf6 6. c3 Nge7 7. Qd2 Bxd4 8.
cxd4 d5 9. Nc3 Be6 10. Bd3 Qh4 11. O-O O-O 12. f3 f6 13. Nb5 Rac8 14. Bf4 Bf7
15. Bxc7 Rxc7 16. Nxc7 dxe4 17. Bxe4 Rd8 18. Qf2 Qxf2+ 19. Kxf2 Rxd4 20. Rfd1
Rb4 21. b3 f5 22. Nd5 Nxd5 23. Bxd5 h6 24. Bxf7+ Kxf7 25. Rd7+ Kg6 26. Rad1 a5
27. R1d6+ Kh7 28. Rf7 a4 29. Rdd7 1-0

[Event "First Saturday 2010 februar IM-A"]
[Site "Budapest"]
[Date "2010.02.09"]
[Round "4"]
[White "Eperjesi, Laszlo"]
[Black "Lengyel, Bela"]
[Result "1/2-1/2"]
[WhiteElo "2240"]
[BlackElo "2271"]
[PlyCount "53"]
[EventDate "2010.02.06"]

1. d4 Nf6 2. c4 g6 3. Nc3 Bg7 4. e4 O-O 5. Be3 d6 6. f3 e5 7. d5 c6 8. Qd2 cxd5
9. cxd5 a6 10. Bd3 b5 11. Nge2 Nbd7 12. O-O Bb7 13. Rac1 Nb6 14. b3 Rc8 15. g4
h5 16. h3 Nbd7 17. Kg2 Nc5 18. Bb1 b4 19. Nd1 hxg4 20. hxg4 Nfd7 21. Bg5 f6 22.
Be3 Kf7 23. Rh1 Rh8 24. Nf2 Qe7 25. Rxh8 Rxh8 26. Rh1 Rxh1 27. Kxh1 1/2-1/2

[Event "First Saturday 2010 februar IM-A"]
[Site "Budapest"]
[Date "2010.02.09"]
[Round "4"]
[White "Binder, Michael"]
[Black "Lyell, Mark"]
[Result "1-0"]
[WhiteElo "2208"]
[BlackElo "2224"]
[PlyCount "45"]
[EventDate "2010.02.06"]

1. d4 g6 2. Nf3 Bg7 3. g3 f5 4. Bg2 Nf6 5. O-O O-O 6. b3 d6 7. Bb2 Ne4 8. Nbd2
Qe8 9. c4 Nxd2 10. Qxd2 Nd7 11. Rfe1 Nf6 12. Rad1 Ne4 13. Qc2 Qf7 14. b4 a5 15.
a3 e6 16. d5 Bd7 17. Ra1 Ba4 18. Qc1 f4 19. Rf1 Bd7 20. Nd4 Ng5 21. Qxf4 Qxf4
22. gxf4 Rxf4 23. e3 1-0

[Event "First Saturday 2010 februar IM-A"]
[Site "Budapest"]
[Date "2010.02.10"]
[Round "5"]
[White "Turzo, Attila"]
[Black "Eperjesi, Laszlo"]
[Result "1/2-1/2"]
[WhiteElo "2309"]
[BlackElo "2240"]
[PlyCount "80"]
[EventDate "2010.02.06"]

1. e4 c6 2. d4 d5 3. exd5 cxd5 4. Bd3 Nc6 5. c3 Qc7 6. Ne2 Bg4 7. f3 Bd7 8. Bf4
e5 9. dxe5 Nxe5 10. O-O Bd6 11. Kh1 Ne7 12. Bxe5 Bxe5 13. Nd2 O-O 14. f4 Bf6
15. Nf3 Rad8 16. Nfd4 Rfe8 17. Qc2 h6 18. Rae1 Nc6 19. Nxc6 bxc6 20. c4 Qa5 21.
b3 Re3 22. Rc1 Rde8 23. Ng1 d4 24. c5 Be6 25. Ne2 Bf5 26. Bxf5 Rxe2 27. Qc4
Qxa2 28. Rg1 R8e7 29. Bg4 Rb2 30. Bf3 Qxb3 31. Qa6 Qb8 32. g3 Qb7 33. Qxb7
Rbxb7 34. Bxc6 Rbc7 35. Bb5 Re3 36. c6 Kf8 37. Rc5 Ke7 38. Rd5 a6 39. Ba4 Ke6
40. Ra5 Kd6 1/2-1/2

[Event "First Saturday 2010 februar IM-A"]
[Site "Budapest"]
[Date "2010.02.10"]
[Round "5"]
[White "Roberts, Paul"]
[Black "Griffiths, Ryan Rhys"]
[Result "0-1"]
[WhiteElo "2206"]
[BlackElo "2148"]
[PlyCount "80"]
[EventDate "2010.02.06"]

1. Nf3 c5 2. c4 Nc6 3. g3 e5 4. Nc3 g6 5. Bg2 Bg7 6. a3 Nge7 7. O-O O-O 8. Rb1
a5 9. Ne1 d6 10. Nc2 Be6 11. Ne3 f5 12. Ned5 Bf7 13. d3 h6 14. b4 cxb4 15. axb4
Nxd5 16. Nxd5 a4 17. Ba3 Kh7 18. b5 Nd4 19. Nc3 e4 20. e3 Ne6 21. Nd5 Nc5 22.
d4 Nb3 23. f3 Bxd5 24. cxd5 exf3 25. Bxf3 Re8 26. Re1 Qb6 27. Kh1 Re7 28. g4
Rf8 29. Qd3 f4 30. exf4 Rxe1+ 31. Rxe1 Qxd4 32. Qxd4 Nxd4 33. Be4 Nxb5 34. Bb4
Rxf4 35. h3 Be5 36. Bd2 Rf2 37. Be3 Rh2+ 38. Kg1 Rxh3 39. Kg2 Rh2+ 40. Kf3 a3
0-1

[Event "First Saturday 2010 februar IM-A"]
[Site "Budapest"]
[Date "2010.02.11"]
[Round "6"]
[White "Szalanczy, Emil"]
[Black "Lengyel, Bela"]
[Result "1/2-1/2"]
[WhiteElo "2208"]
[BlackElo "2271"]
[PlyCount "50"]
[EventDate "2010.02.06"]

1. e4 e5 2. Nf3 Nc6 3. Bb5 a6 4. Ba4 Nf6 5. O-O Be7 6. Re1 b5 7. Bb3 d6 8. c3
O-O 9. h3 Na5 10. Bc2 c5 11. d4 Qc7 12. Nbd2 Nc6 13. d5 Na5 14. b3 Bd7 15. Nf1
Nb7 16. Ng3 g6 17. Bh6 Rfc8 18. Nh2 c4 19. b4 a5 20. a3 Ra6 21. Qf3 Rca8 22.
Rac1 axb4 23. axb4 Ra2 24. Bb1 R2a3 25. Bg5 Qd8 1/2-1/2

[Event "First Saturday 2010 februar IM-A"]
[Site "Budapest"]
[Date "2010.02.11"]
[Round "6"]
[White "Kahn, Evart dr"]
[Black "Lyell, Mark"]
[Result "1/2-1/2"]
[WhiteElo "2235"]
[BlackElo "2224"]
[PlyCount "122"]
[EventDate "2010.02.06"]

1. d4 f5 2. g3 g6 3. Bg2 Bg7 4. c3 Nc6 5. Qb3 Nf6 6. Nf3 e6 7. O-O O-O 8. Ne5
Nxe5 9. dxe5 Ng4 10. f4 d5 11. h3 Nh6 12. c4 c6 13. Nc3 Kh8 14. Be3 b6 15. Rfd1
Bb7 16. a4 Ba6 17. cxd5 cxd5 18. Nb5 Bxb5 19. Qxb5 Qe8 20. Qxe8 Rfxe8 21. a5
Bf8 22. axb6 axb6 23. Bxb6 Rab8 24. Bd4 Nf7 25. Rdc1 Rec8 26. Rxc8 Rxc8 27.
Bxd5 exd5 28. e6+ Kg8 29. exf7+ Kxf7 30. Ra7+ Be7 31. b4 Ke6 32. b5 Bc5 33.
Bxc5 Rxc5 34. Rb7 d4 35. b6 Rb5 36. h4 h5 37. Rb8 Kf7 38. Kf2 Rb1 39. Rb7+ Ke6
40. Rg7 Kf6 41. Rb7 Ke6 42. Rb8 Kf7 43. b7 Kg7 44. Rd8 Rxb7 45. Rxd4 Rb6 46. e4
fxe4 47. Rxe4 Kf6 48. Kf3 Ra6 49. Re3 Rb6 50. Ra3 Re6 51. Ra5 Rb6 52. Rg5 Rb3+
53. Ke4 Rb4+ 54. Kf3 Rb3+ 55. Kf2 Rb2+ 56. Ke1 Rb3 57. f5 gxf5 58. Kf2 Rb2+ 59.
Kf3 Rb3+ 60. Kg2 Rb2+ 61. Kh3 Rb3 1/2-1/2

[Event "First Saturday 2010 februar IM-A"]
[Site "Budapest"]
[Date "2010.02.11"]
[Round "6"]
[White "Griffiths, Ryan Rhys"]
[Black "Szabo, Bence"]
[Result "0-1"]
[WhiteElo "2148"]
[BlackElo "2261"]
[PlyCount "80"]
[EventDate "2010.02.06"]

1. e4 c6 2. d4 d5 3. f3 g6 4. Nc3 Bg7 5. Be3 Qb6 6. Qd2 Qxb2 7. Rb1 Qa3 8. h4
e6 9. h5 Nd7 10. Bd3 Ngf6 11. e5 Ng8 12. f4 b6 13. g4 Ba6 14. hxg6 hxg6 15.
Rxh8 Bxh8 16. Rb3 Qa5 17. Qh2 Bg7 18. Bd2 Bxd3 19. Ne4 Qxa2 20. Nd6+ Kf8 21.
Rxd3 Qxc2 22. Ke2 Ne7 23. f5 exf5 24. gxf5 Nc8 25. e6 fxe6 26. Nxc8 Rxc8 27.
Qd6+ Ke8 28. fxe6 Nf6 29. Qg3 Kd8 30. Qd6+ Ke8 31. Nf3 Bf8 32. Qg3 Kd8 33. Qxg6
Be7 34. Ne5 Rc7 35. Qg7 Kc8 36. Nd7 Nxd7 37. Qxe7 Qxd3+ 38. Ke1 Nb8 39. Qd6 Rh7
40. Bf4 Rh1+ 0-1

[Event "First Saturday 2010 februar IM-A"]
[Site "Budapest"]
[Date "2010.02.11"]
[Round "6"]
[White "Turzo, Attila"]
[Black "Roberts, Paul"]
[Result "1/2-1/2"]
[WhiteElo "2309"]
[BlackElo "2206"]
[PlyCount "82"]
[EventDate "2010.02.06"]

1. e4 e6 2. d4 d5 3. Nc3 Nc6 4. Nf3 Nf6 5. Bg5 Be7 6. e5 Ne4 7. Bxe7 Qxe7 8. a3
Bd7 9. Bd3 Ng5 10. Be2 Nxf3+ 11. Bxf3 O-O 12. O-O f6 13. exf6 Qxf6 14. Ne2 Kh8
15. c3 Rad8 16. Qb3 Na5 17. Qc2 Be8 18. Rfe1 Nc6 19. c4 Bg6 20. Qb3 Na5 21. Qc3
Nxc4 22. b3 Nd6 23. Rf1 c6 24. a4 Rfe8 25. Qc5 a6 26. b4 Nc4 27. Rfd1 b6 28.
Qxc6 Qf7 29. Rdc1 Rc8 30. Rxc4 Rxc6 31. Rxc6 Bd3 32. Rac1 Bc4 33. Rxb6 Qa7 34.
a5 Qf7 35. Rc3 e5 36. dxe5 Rxe5 37. Re3 Rxe3 38. fxe3 g6 39. Rb8+ Kg7 40. Nd4
Qe7 41. Kf2 Qd7 1/2-1/2

[Event "First Saturday 2010 februar IM-A"]
[Site "Budapest"]
[Date "2010.02.12"]
[Round "7"]
[White "Roberts, Paul"]
[Black "Eperjesi, Laszlo"]
[Result "0-1"]
[WhiteElo "2206"]
[BlackElo "2240"]
[PlyCount "68"]
[EventDate "2010.02.06"]

1. e4 c6 2. d3 d5 3. Nd2 g6 4. Ngf3 Bg7 5. g3 e5 6. Bg2 Ne7 7. O-O O-O 8. c3
Re8 9. Re1 Nd7 10. b4 a5 11. a4 b6 12. Rb1 Qc7 13. Bb2 Bb7 14. Bh3 Rad8 15.
exd5 cxd5 16. bxa5 bxa5 17. Ba3 Bc6 18. Nd4 exd4 19. Bxe7 Rb8 20. cxd4 Rxb1 21.
Qxb1 Bxd4 22. Bg5 Rxe1+ 23. Qxe1 Qe5 24. Be3 Bxe3 25. fxe3 Qc3 26. d4 Bxa4 27.
Qf2 Nf8 28. e4 Bc6 29. e5 a4 30. Nf3 a3 31. e6 Nxe6 32. Bxe6 fxe6 33. Ne5 Qc1+
34. Kg2 Qb2 0-1

[Event "First Saturday 2010 februar IM-A"]
[Site "Budapest"]
[Date "2010.02.12"]
[Round "7"]
[White "Szabo, Bence"]
[Black "Turzo, Attila"]
[Result "0-1"]
[WhiteElo "2261"]
[BlackElo "2309"]
[PlyCount "94"]
[EventDate "2010.02.06"]

1. d4 Nf6 2. c4 e6 3. Nc3 Bb4 4. Qc2 Nc6 5. Nf3 d6 6. Bd2 Qe7 7. a3 Bxc3 8.
Bxc3 O-O 9. g3 e5 10. d5 Nb8 11. Nh4 e4 12. Ng2 Nbd7 13. Ne3 a5 14. b3 Ne8 15.
g4 Ne5 16. h3 f5 17. gxf5 Bxf5 18. Bg2 Bg6 19. Qb2 Qh4 20. Rf1 Nd7 21. O-O-O
Nef6 22. Bd2 Nc5 23. Nc2 a4 24. b4 Nb3+ 25. Kb1 e3 26. Bxe3 Qxc4 27. Rfe1 Rae8
28. Bf3 Rxe3 29. fxe3 Re8 30. e4 Rxe4 31. Bxe4 Nxe4 32. Rd3 Ned2+ 33. Rxd2
Nxd2+ 34. Kc1 Nb3+ 35. Kb1 Nd4 36. e4 Nb3 37. Ne3 Qxe4+ 38. Ka2 c6 39. h4 Qxh4
40. Rg1 Qe4 41. Qf2 Qd3 42. Rd1 Nc1+ 43. Kb2 Qxd1 44. Nxd1 Nd3+ 45. Kc3 Nxf2
46. Nxf2 cxd5 47. Kd4 Be4 0-1

[Event "First Saturday 2010 februar IM-A"]
[Site "Budapest"]
[Date "2010.02.12"]
[Round "7"]
[White "Lyell, Mark"]
[Black "Griffiths, Ryan Rhys"]
[Result "1-0"]
[WhiteElo "2224"]
[BlackElo "2148"]
[PlyCount "103"]
[EventDate "2010.02.06"]

1. e4 c5 2. Nc3 d6 3. f4 g6 4. Nf3 Bg7 5. Bc4 Nc6 6. O-O Nf6 7. d3 O-O 8. Qe1
e6 9. f5 d5 10. Bb3 c4 11. dxc4 dxe4 12. Nxe4 Nxe4 13. Qxe4 exf5 14. Qe1 Re8
15. Qg3 Nd4 16. Nxd4 Qxd4+ 17. Kh1 Be6 18. c3 Qc5 19. Be3 Qc6 20. c5 Bxb3 21.
axb3 Qe6 22. Bd4 Qxb3 23. Bxg7 Kxg7 24. Qf2 Re6 25. Rfd1 Rae8 26. h3 a6 27. Rd7
Kg8 28. Rad1 Re4 29. Qd2 Re2 30. Qd4 R2e6 31. Rd2 Qb5 32. c4 Qb3 33. Kh2 Rf8
34. Qd3 Re3 35. Qd5 Re1 36. Rxb7 Qe3 37. Qd4 f4 38. Qxe3 fxe3 39. Rdd7 Re8 40.
Rxf7 e2 41. Rg7+ Kh8 42. Rxh7+ Kg8 43. Rhg7+ Kh8 44. Rge7 Rc8 45. Rb6 Kg8 46.
Rxg6+ Kf8 47. Rge6 Rxc5 48. Rxe2 Rb1 49. Ra7 a5 50. Rd2 Ke8 51. Rd5 Rxc4 52.
Rh5 1-0

[Event "First Saturday 2010 februar IM-A"]
[Site "Budapest"]
[Date "2010.02.12"]
[Round "7"]
[White "Lengyel, Bela"]
[Black "Kahn, Evart dr"]
[Result "1/2-1/2"]
[WhiteElo "2271"]
[BlackElo "2235"]
[PlyCount "27"]
[EventDate "2010.02.06"]

1. e4 d6 2. d4 Nf6 3. Nc3 g6 4. Nf3 Bg7 5. Be2 O-O 6. O-O Bg4 7. Be3 Nc6 8. Qd2
e5 9. d5 Ne7 10. Rad1 Bd7 11. Ne1 b5 12. a3 a5 13. Nd3 Qb8 14. f3 1/2-1/2

[Event "First Saturday 2010 februar IM-A"]
[Site "Budapest"]
[Date "2010.02.12"]
[Round "7"]
[White "Binder, Michael"]
[Black "Szalanczy, Emil"]
[Result "1-0"]
[WhiteElo "2208"]
[BlackElo "2208"]
[PlyCount "81"]
[EventDate "2010.02.06"]

1. d4 c5 2. d5 e6 3. c4 exd5 4. cxd5 d6 5. Nc3 g6 6. e4 Bg7 7. Nf3 a6 8. a4 Bg4
9. Be2 Nd7 10. O-O Nh6 11. Bf4 Bxf3 12. Bxf3 Ne5 13. Be2 f6 14. Rb1 Rc8 15. Qd2
Nhf7 16. Nd1 O-O 17. Ne3 Re8 18. Bd3 b5 19. axb5 axb5 20. b3 Ra8 21. Rfe1 Qb6
22. Bg3 Re7 23. Kh1 Rea7 24. Rbc1 Ra2 25. Rc2 Ra1 26. Rxa1 Rxa1+ 27. Rc1 Ra3
28. Rb1 Qb8 29. f3 Ra7 30. Bf1 b4 31. h3 Qe8 32. Rc1 Qe7 33. Bb5 Nd8 34. Qe2
Ra3 35. Rb1 Qa7 36. Ba4 h5 37. f4 Nd7 38. f5 h4 39. Bxh4 g5 40. Bxd7 Qxd7 41.
Bg3 {after 31 move} 1-0

[Event "First Saturday 2010 februar IM-A"]
[Site "Budapest"]
[Date "2010.02.13"]
[Round "8"]
[White "Eperjesi, Laszlo"]
[Black "Szalanczy, Emil"]
[Result "0-1"]
[WhiteElo "2240"]
[BlackElo "2208"]
[PlyCount "102"]
[EventDate "2010.02.06"]

1. c4 c5 2. Nc3 Nc6 3. g3 g6 4. Bg2 Bg7 5. e4 d6 6. Nge2 Nh6 7. d3 O-O 8. O-O
f5 9. Bg5 Nf7 10. Be3 Nd4 11. f4 Bd7 12. Rb1 a6 13. a4 Qa5 14. b4 cxb4 15. Nd5
e5 16. Rxb4 Bc6 17. Bxd4 exd4 18. Ne7+ Kh8 19. Nxc6 bxc6 20. Rb7 fxe4 21. Bxe4
d5 22. cxd5 cxd5 23. Bf3 Nd6 24. Rd7 Rad8 25. Rxd8 Rxd8 26. g4 h6 27. f5 gxf5
28. Nf4 Kh7 29. Bxd5 Be5 30. Be6 Bxf4 31. Rxf4 fxg4 32. Bxg4 Rg8 33. Kh1 Qe5
34. Qf1 a5 35. Bf5+ Kh8 36. Bh3 Rc8 37. Bg2 Rc2 38. h4 Re2 39. Qf3 Re1+ 40. Bf1
Re3 41. Qg4 h5 42. Rf8+ Kh7 43. Qg8+ Kh6 44. Qh8+ Qxh8 45. Rxh8+ Kg6 46. Ra8
Re1 47. Kg2 Nf5 48. Ra6+ Kg7 49. Kf2 Re5 50. Be2 Nxh4 51. Bf3 Rf5 0-1

[Event "First Saturday 2010 februar IM-A"]
[Site "Budapest"]
[Date "2010.02.13"]
[Round "8"]
[White "Kahn, Evart dr"]
[Black "Binder, Michael"]
[Result "1/2-1/2"]
[WhiteElo "2235"]
[BlackElo "2208"]
[PlyCount "89"]
[EventDate "2010.02.06"]

1. d4 Nf6 2. c4 e6 3. Nf3 d5 4. Nc3 Be7 5. Bg5 h6 6. Bh4 O-O 7. e3 b6 8. Bd3
Bb7 9. O-O Nbd7 10. Qe2 c5 11. Rac1 Ne4 12. Bg3 Nxg3 13. hxg3 cxd4 14. exd4 Nf6
15. Rfd1 Rc8 16. Ne5 dxc4 17. Bxc4 Nd5 18. Ne4 Bg5 19. f4 Be7 20. a3 Rc7 21.
Bd3 Nf6 22. Rxc7 Qxc7 23. Nc3 Rd8 24. Bb1 Bf8 25. Kh2 a6 26. Ne4 Nxe4 27. Bxe4
Bxe4 28. Qxe4 Rd5 29. Rd2 Qd8 30. Rc2 Bd6 31. Qe2 Bxe5 32. dxe5 Rb5 33. Qe4 Rb3
34. Qa4 Qd3 35. Rc3 Rxc3 36. bxc3 Qb5 37. Qd1 Qc5 38. Qd8+ Kh7 39. Qd3+ Kg8 40.
Qd8+ Kh7 41. Qd3+ Kg8 42. a4 a5 43. Qd8+ Kh7 44. Qe8 Qc7 45. g4 1/2-1/2

[Event "First Saturday 2010 februar IM-A"]
[Site "Budapest"]
[Date "2010.02.13"]
[Round "8"]
[White "Griffiths, Ryan Rhys"]
[Black "Lengyel, Bela"]
[Result "1-0"]
[WhiteElo "2148"]
[BlackElo "2271"]
[PlyCount "83"]
[EventDate "2010.02.06"]

1. c4 e5 2. g3 Nf6 3. Bg2 d5 4. cxd5 Nxd5 5. Nf3 Nc6 6. O-O Be7 7. d4 exd4 8.
Nxd4 Nxd4 9. Qxd4 Nf6 10. Qa4+ c6 11. Rd1 Nd7 12. Nc3 O-O 13. e4 Qe8 14. Qc2
Ne5 15. h3 f6 16. Qe2 Be6 17. b3 Bb4 18. Bb2 Qe7 19. Kh2 Rad8 20. f4 Nd7 21.
Qc2 h5 22. Ne2 Bd6 23. Rf1 Bf7 24. Nd4 g6 25. Nf3 Rfe8 26. Rae1 Bb4 27. Re2 Nf8
28. Qc1 Rd3 29. f5 gxf5 30. Nh4 Nh7 31. Nxf5 Qc7 32. Bxf6 Bf8 33. Bb2 h4 34. e5
hxg3+ 35. Kh1 Be6 36. Be4 Qd7 37. Rg2 Kh8 38. Nd6 Rd5 39. Bxd5 cxd5 40. Nf7+
Kg8 41. Rxg3+ Bg7 42. Rxg7+ 1-0

[Event "First Saturday 2010 februar IM-A"]
[Site "Budapest"]
[Date "2010.02.13"]
[Round "8"]
[White "Turzo, Attila"]
[Black "Lyell, Mark"]
[Result "1-0"]
[WhiteElo "2309"]
[BlackElo "2224"]
[PlyCount "111"]
[EventDate "2010.02.06"]

1. e4 e5 2. Nf3 Nc6 3. d4 exd4 4. Bc4 Nf6 5. e5 d5 6. Bb5 Ne4 7. Nxd4 Bc5 8.
Be3 O-O 9. Nxc6 bxc6 10. Bxc5 Nxc5 11. Bxc6 Rb8 12. Qd4 Ne6 13. Qxd5 Rxb2 14.
O-O Nd4 15. Na3 Be6 16. Qc5 Nxc6 17. Qxc6 Qe7 18. Qc3 Rfb8 19. f4 Qb4 20. Qxb4
R8xb4 21. Rf3 g6 22. g3 Bxa2 23. Rc3 Ra4 24. Rd1 c6 25. h4 Bd5 26. Kf2 Ra2 27.
Rdd3 Kf8 28. Nb1 Ra1 29. Nd2 Rh1 30. Ra3 Rh2+ 31. Ke3 Rxa3 32. Rxa3 Rg2 33. Ne4
Rxc2 34. Rxa7 Bxe4 35. Kxe4 Rc4+ 36. Kd3 Rc1 37. g4 Rh1 38. e6 Rxh4 39. Rxf7+
Ke8 40. Ke4 Rxg4 41. Ke5 Rh4 42. Ra7 Rh5+ 43. Kd6 Rd5+ 44. Kxc6 Rd4 45. Rf7 h5
46. Kc5 Rd2 47. Rg7 h4 48. Rxg6 h3 49. f5 Ke7 50. Rg7+ Kf6 51. Rf7+ Kg5 52. e7
Re2 53. Kd6 Rd2+ 54. Kc7 Re2 55. Kd8 Rd2+ 56. Ke8 1-0